| Поле | Инд. | ПП | Название | Значение |
|---|---|---|---|---|
| Тип записи | a | |||
| Библиографический уровень | m | |||
| 001 | Контрольный номер | RU/IS/BASE/340120048 | ||
| 005 | Дата корректировки | 20220124082908.6 | ||
| 040 | a | Служба первич. каталог. | НБ ТвГУ | |
| b | Код языка каталог. | rus | ||
| e | Правила каталог. | PSBO | ||
| 041 | 0_ | a | Код языка текста | rus |
| 080 | a | Индекс УДК | 808.5(075.8) | |
| 084 | a | Индекс другой классификации/Индекс ББК | Ш70я73-1 | |
| 084 | a | Индекс другой классификации/Индекс ББК | Ш141.12-923.72 | |
| 090 | a | Полочн. индекс | 808.5 | |
| x | Авторский знак | В 92 | ||
| 245 | 10 | a | Заглавие | Выразительное чтение |
| b | Продолж. заглавия | пособие для студентов педагогических институтов и учителей | ||
| 260 | a | Место издания | Москва | |
| b | Издательство | Просвещение | ||
| c | Дата издания | 1964 | ||
| 300 | a | Объем | 182, [2] с. | |
| b | Иллюстрации/ тип воспроизводства | ил. | ||
| 653 | 0_ | a | Ключевые слова | Выразительная речь |
| a | Ключевые слова | Выразительное чтение | ||
| a | Ключевые слова | Красноречие | ||
| a | Ключевые слова | Культура речи | ||
| a | Ключевые слова | Риторика | ||
| a | Ключевые слова | Русский язык | ||
| a | Ключевые слова | Учебники для вузов | ||
| a | Ключевые слова | Языкознание | ||
| 700 | 1_ | a | Другие авторы | Найденов Б. С. |
| q | Полное имя | Найденов Борис Степанович | ||
| 700 | 1_ | a | Другие авторы | Завадская Татьяна Фадеевна |
| 700 | 1_ | a | Другие авторы | Соловьева Н. М. |
| 700 | 1_ | a | Другие авторы | Анкудович Лидия Михайловна |
| 700 | 1_ | a | Другие авторы | Шевелев Николай Никифорович |
| 852 | 41 | i | Расстановочный признак | Проверка 2021 |
| 901 | t | Тип документа | m | |
| 920 | a | Оператор | Влас | |
| a | Оператор | Рунт | ||
| a | Оператор | Поля | ||
| a | Оператор | Лиси | ||
| 930 | a | Новая/Ретро | ретро | |
| 952 | c | Вид литературы | К ру | |
| 954 | a | Дата поступления на обработку | 20101011 | |
| c | Дата окончания ОНО | 20200515 | ||
| e | Дата перешифровки | 20210910 | ||
| 954 | a | Дата поступления на обработку | 20220124 |